| 000 | 00621cam a2200229ua 4500 | ||
|---|---|---|---|
| 001 | 1877 | ||
| 005 | 20260515113421.0 | ||
| 008 | 110811n ii |||gr||||Z||||||eng | ||
| 040 | _cMAIN | ||
| 082 | _a370.54 | ||
| 100 |
_aKhanna, S. D., _eAuthor. |
||
| 245 | 1 |
_aEducation in the emerging indian society _cby S. D. Khanna |
|
| 250 | _a4th. | ||
| 260 |
_aDelhi: _bDoaba House, _c2005. |
||
| 300 |
_avi; 329p: _c23cm. |
||
| 653 | _aEducation | ||
| 653 | _aEducation in the emerging indian society | ||
| 700 |
_aV. K. Saxena, _eAuthor. |
||
| 700 |
_aT. P. Lamba, _eAuthor. |
||
| 700 |
_aMurthy, V, _eAuthor. |
||
| 942 | _cBK | ||
| 999 |
_c1755 _d1755 |
||